Breve antología de la poesía china / (Record no. 36254)

MARC details
000 -LEADER
campo de control de longitud fija 00547nam a2200181 i 4500
001 - NÚMERO DE CONTROL
campo de control 36254
003 - IDENTIFICADOR DE NÚMERO DE CONTROL
campo de control ES-MaACL
005 - FECHA Y HORA DE LA ÚLTIMA TRANSACCIÓN
campo de control 20250927123249.0
007 - CAMPO FIJO DE DESCRIPCIÓN FÍSICA--INFORMACIÓN GENERAL
campo de control de longitud fija t|
008 - DATOS DE LONGITUD FIJA--INFORMACIÓN GENERAL
campo de control de longitud fija 030217s1948 sp ||||1| spa d
245 00 - MENCIÓN DEL TÍTULO
Título Breve antología de la poesía china /
Mención de responsabilidad, etc. Marcela de Juan.
260 ## - PUBLICACIÓN, DISTRIBUCIÓN, ETC.
Lugar de publicación, distribución, etc. Madrid :
Nombre del editor, distribuidor, etc. Revista de Occidente,
Fecha de publicación, distribución, etc. [1948] (
Fabricante Vda. de Galo Sáez)
300 ## - DESCRIPCIÓN FÍSICA
Extensión 107 p. ;
Dimensiones 17 cm.
650 #4 - PUNTO DE ACCESO ADICIONAL DE MATERIA--TÉRMINO DE MATERIA
Término de materia o nombre geográfico como elemento de entrada Poesías chinas
9 (RLIN) 16208
700 1# - ENTRADA AGREGADA--NOMBRE PERSONAL
Nombre de persona Juan, Marcela de,
Fechas asociadas al nombre 1905-1981
9 (RLIN) 67096
852 ## - LOCALIZACIÓN
Ubicación ES-MaACL
Número de control de estantería B-12957
Holdings
Estatus retirado Estado de pérdida Estado de daño No para préstamo Biblioteca de origen Biblioteca actual Ubicación en estantería Fecha de adquisición Fuente de adquisición Total de préstamos Signatura topográfica completa Código de barras Visto por última vez Precio de reemplazo Tipo de ítem Koha
        Biblioteca del Ateneo de Madrid Biblioteca del Ateneo de Madrid Sala Pardo Bazán 17/01/2008     B-12957 1038057 23/02/2023 23/02/2023 Libro impreso